| 000 | 00571nam a22002057a 4500 | ||
|---|---|---|---|
| 999 |
_c7949 _d7949 |
||
| 003 | OSt | ||
| 005 | 20220808110800.0 | ||
| 008 | 220808b ||||| |||| 00| 0 eng d | ||
| 020 | _a 0321373197 | ||
| 040 | _c040a | ||
| 082 |
_a005.73 _bWEI 2007 |
||
| 100 |
_aWeiss, Mark Allen _96642 |
||
| 245 |
_aData strcuctures and algorithm analysis in Java / _cMark Allen Weiss |
||
| 250 | _a2nd.ed | ||
| 260 |
_aBoston _bPearson _c2007 |
||
| 300 |
_axviii,555 ; _bill: _c22cm. |
||
| 504 | _aIncludes bibliographical references and index | ||
| 650 | _2Java | ||
| 942 |
_2ddc _cO_SHELF |
||